Hockey sur glace Français (Aléatoire) - Statistiques

Statistiques générales
  • Ce quiz a été pris 84 fois
    77 depuis la dernière actualisation
  • Le résultat moyen est 9 sur 15
Statistiques - réponses
Nom d'Équipe Championnats / Ligues Clubs % Correct
Gothiques Féminine / Espoirs / Magnus Amiens
100%
Ducs Espoirs / Magnus Angers
100%
Boxers D3 / Féminine / Magnus Bordeaux
100%
Jokers Féminine / Espoirs / Magnus Cergy-Pontoise
100%
Corsaires D1 / D3 / Féminine Dunkerque
100%
Bruleurs de Loups Féminine / Magnus / Espoirs Grenoble
100%
Lions D1 / Féminine Lyon
100%
Chevaliers du Lac D2 Annecy
92%
Dragons D2 / Espoirs / Magnus Rouen
92%
Aigles D3 / Magnus Nice
90%
Étoile Noire D1 / Féminine / Espoirs Strasbourg
90%
Spartiates Magnus Marseille
88%
Comètes D1 / D3 / Féminine Meudon
88%
Sangliers Arvernes D2 Clermont-Ferrand
83%
Rapaces D3 / Espoirs / Magnus Gap
83%
Remparts D1 / Féminine Tours
82%
Drakkars D1 / D3 / Espoirs Caen
80%
Bélougas D2 / Féminine Toulouse
80%
Albatros D2 / D3 / Féminine Brest
75%
Dogs D1 Cholet
75%
Vipers D2 Montpellier
75%
Scorpions D2 / Féminine Mulhouse
75%
Grizzlys D2 Vaujany-Grenoble
75%
Corsaires Atlantiques D1 / D3 Nantes
73%
Diables Rouges D3 / Magnus Briançon
71%
Hormadi D2 / Espoirs / Magnus Anglet
67%
Pionniers Magnus Chamonix
67%
HOGLY D2 La Roche sur Yon
67%
Yétis D1 Mont-Blanc
67%
Français Volants D2 Paris
67%
Wildcats D1 Épinal
63%
Jets D2 / D3 / Féminine Évry-Viry
60%
Bisons D1 / Féminine Neuilly-sur-Marne
57%
Castors D3 Asnières / Avignon
55%
Éléphants D1 / D3 / Féminine Chambéry
55%
Chamois Espoirs Chamonix
55%
Coqs D2 Courbevoie
50%
Ducs D2 Dijon
50%
Amazones Féminine Marseille
50%
Pingouins D1 Morzine / Avoriaz
50%
Krokos D3 Nîmes
50%
Dragons D3 Poitiers
50%
Lynx D2 Valence
50%
Bouquetins D1 / D3 Courchevel
46%
Boucaniers D3 Toulon
45%
Ours D1 / Espoirs Villard-de-Lans
44%
Cormorans D3 Rennes
42%
Lions D3 Compiègne / Wasquehal
40%
Gaulois D2 Chalons-en-Champagne
38%
Phénix D2 Reims
30%
Flibustières Féminine Nantes
29%
Renards D2 Orléans / Roanne
27%
Caribous D3 Dammarie-les-Lys
22%
Aigles D3 Besançon
20%
Grizzlys D3 Garges
18%
Grands Ducs D3 Brive
14%
Élans D3 Champigny
14%
Titans D3 / Féminine Colmar
13%
Tornado D2 Luxembourg
13%
Médusa Féminine Montpellier
13%
Diables Rouges D1 Valenciennes
13%
Graoully D3 / Féminine Metz
0%
Aucun quiz correspondant
Distribution des résultats
% des personnes avec chaque résultat
Percentile par nombre de réponses
Votre historique - résultats
Vous n’avez pas pris ce quiz depuis la dernière actualisation